000 00850nam a22002657a 4500
001 8534
003 FISKH
005 20250918105432.0
008 250918b cb ||||| |||| 00| 0 eng d
040 _aFISKH
_beng
_cFISKH
_dFISKH
050 _aPZ7
082 _a398.2
100 _aCloke, Rene
245 _aDick Whittington /
_cIllustrated by Rene Cloke
250 _aThis edition published in 1996
260 _aLondon :
_bAward publications,
_c1991.
300 _a28 unnumbered pages :
_bcolor illustrations ;
_c17 cm
505 _aP
520 _aRetells the tale of the poor boy who trades his beloved cat for a fortune in gold and jewels and becomes Lord Mayor of London.
521 8 _a600
_bLexile estimate
521 8 _aP
_bRaz-Plus
650 _aEnglish
_vFiction
_xFairy Tale
942 _2ddc
_cBK
_n0
999 _c8534
_d8534